Ropa láme nové rekordy

Salvato in:
Dettagli Bibliografici
Autore principale: Klimiková, Mária
Natura: Capitolo di libro
Lingua:slovacco
Tags: Aggiungi Tag
Nessun Tag, puoi essere il primo ad aggiungerne!!

MARC

LEADER 00000naa$a2200000$$$4500
001 0084914
005 20240502071949.7
041 0 |a slo 
044 |a SK 
245 1 0 |a Ropa láme nové rekordy  |c Mária Klimiková 
100 1 |a Klimiková, Mária